[Event "HUN-chT2 Szechenyi 0405"]
[Site "Hungary"]
[Date "2005.04.10"]
[Round "10"]
[White "Palko, Gabriella"]
[Black "Aczel, Gergely"]
[Result "1/2-1/2"]
[WhiteElo "2086"]
[BlackElo "2064"]
[PlyCount "62"]
[EventDate "2004.09.26"]
[EventType "team-tourn"]
[EventRounds "11"]
[EventCountry "HUN"]
[SourceTitle "EXT 2009"]
[Source "ChessBase"]
[SourceDate "2008.11.26"]
[SourceVersion "1"]
[SourceVersionDate "2008.11.26"]
[SourceQuality "1"]
[WhiteTeam "Arboretum"]
[BlackTeam "Veszprem"]
[WhiteTeamCountry "HUN"]
[BlackTeamCountry "HUN"]

1. d4 f5 2. Bg5 Nf6 3. Bxf6 exf6 4. e3 g6 5. c3 Bg7 6. Qc2 b6 7. Nd2 Bb7 8. Ngf3 Nc6 9. Bd3 Ne7 10. 0-0-0 0-0 11. h4 d5 12. h5 c5 13. hxg6 hxg6 14. dxc5 bxc5 15. c4 d4 16. Nb3 Qc7 17. Qe2 dxe3 18. Qxe3 Rac8 19. Kb1 Rfe8 20. Nh4 Nd5 21. Qxc5 Nf4 22. Qxc7 Rxc7 23. f3 Re3 24. Nc1 Kf7 25. b3 Bf8 26. g3 Nxd3 27. Rxd3 Rxd3 28. Nxd3 Rd7 29. Kc2 g5 30. Nxf5 Kg6 31. Ne3 Bxf3 1/2-1/2

[Event "HUN-chT2 Szechenyi 0304"]
[Site "Hungary"]
[Date "2004.04.04"]
[Round "10"]
[White "Palko, Gabriella"]
[Black "Porpaczy, Lajos"]
[Result "0-1"]
[WhiteElo "2084"]
[BlackElo "2112"]
[PlyCount "42"]
[EventDate "2003.09.28"]
[EventType "team-tourn"]
[EventRounds "11"]
[EventCountry "HUN"]
[SourceTitle "EXT 2009"]
[Source "ChessBase"]
[SourceDate "2008.11.26"]
[SourceVersion "1"]
[SourceVersionDate "2008.11.26"]
[SourceQuality "1"]
[WhiteTeam "Arboretum"]
[BlackTeam "Sarvar"]
[WhiteTeamCountry "HUN"]
[BlackTeamCountry "HUN"]

1. d4 Nf6 2. c4 e6 3. Nf3 b6 4. g3 Ba6 5. Qc2 c5 6. Bg2 Nc6 7. Qa4 Bb7 8. e3 Qc7 9. 0-0 Rc8 10. dxc5 Bxc5 11. Nc3 h5 12. a3 a5 13. e4 h4 14. Bf4 e5 15. Bg5 hxg3 16. hxg3 Qd6 17. Rfe1 Ng4 18. Nd1 Nd4 19. Ne3 Nxf2 20. Kxf2 f6 21. Red1 Bc6 0-1

[Event "HUN-chT2 Szechenyi 0304"]
[Site "Hungary"]
[Date "2004.02.22"]
[Round "8"]
[White "Horvath, Imre2"]
[Black "Palko, Gabriella"]
[Result "0-1"]
[WhiteElo "2050"]
[BlackElo "2084"]
[PlyCount "82"]
[EventDate "2003.09.28"]
[EventType "team-tourn"]
[EventRounds "11"]
[EventCountry "HUN"]
[SourceTitle "EXT 2009"]
[Source "ChessBase"]
[SourceDate "2008.11.26"]
[SourceVersion "1"]
[SourceVersionDate "2008.11.26"]
[SourceQuality "1"]
[WhiteTeam "Szentgotthard"]
[BlackTeam "Arboretum"]
[WhiteTeamCountry "HUN"]
[BlackTeamCountry "HUN"]

1. d4 Nf6 2. c4 e6 3. Nc3 Bb4 4. Qc2 0-0 5. a3 Bxc3+ 6. Qxc3 d6 7. Bg5 Qe7 8. Nf3 Re8 9. e3 e5 10. dxe5 dxe5 11. h3 b6 12. Nd2 Bb7 13. f3 Nbd7 14. b4 e4 15. f4 c5 16. Be2 Rac8 17. 0-0 h6 18. Bh4 cxb4 19. axb4 a6 20. Bg4 Rc7 21. Qb3 Qd6 22. Rfd1 Nxg4 23. hxg4 Qg6 24. g5 hxg5 25. fxg5 Ne5 26. Bg3 Qxg5 27. Bxe5 Qxe5 28. Nf1 Re6 29. Rd8+ Kh7 30. Rad1 Rf6 31. Qc2 Qh5 32. R1d6 Rh6 33. Qc3 Rc6 34. Qd4 Qh1+ 35. Kf2 Rf6+ 36. Kg3 Qxf1 37. Qxe4+ Qf5 38. Qh4+ Rh6 39. e4 Qe5+ 40. Qf4 Rg6+ 41. Kf3 Rf6 0-1

[Event "HUN-chT2 Szechenyi 0203"]
[Site "Hungary"]
[Date "2002.11.24"]
[Round "3"]
[White "Palko, Gabriella"]
[Black "Paksa, Rudolf"]
[Result "1/2-1/2"]
[WhiteElo "2100"]
[BlackElo "2206"]
[PlyCount "54"]
[EventDate "2002.09.22"]
[EventType "team-tourn"]
[EventRounds "11"]
[EventCountry "HUN"]
[SourceTitle "EXT 2009"]
[Source "ChessBase"]
[SourceDate "2008.11.26"]
[SourceVersion "1"]
[SourceVersionDate "2008.11.26"]
[SourceQuality "1"]

1. d4 d5 2. c4 e6 3. Nc3 Be7 4. Nf3 a6 5. a4 Nf6 6. Bf4 0-0 7. e3 c5 8. Be2 Nc6 9. cxd5 exd5 10. 0-0 Nh5 11. Bg3 Nxg3 12. hxg3 cxd4 13. Nxd4 Nxd4 14. Qxd4 Be6 15. Bf3 Bf6 16. Qd3 Bxc3 17. Qxc3 Rc8 18. Qd2 Qg5 19. Rfd1 Rcd8 20. Ra3 Rd7 21. Rd3 Rfd8 22. Rd4 h6 23. Qa5 Qf5 24. b4 Qc2 25. R1d2 Qc3 26. R4d3 Qc6 27. b5 axb5 1/2-1/2

[Event "HUN-chT 9697"]
[Site "Hungary"]
[Date "1997.??.??"]
[Round "13"]
[White "Hera, Imre Jr"]
[Black "Palko, Gabriella"]
[Result "1-0"]
[WhiteElo "2020"]
[BlackElo "2110"]
[PlyCount "117"]
[EventDate "1996.??.??"]
[EventType "team-tourn"]
[EventRounds "12"]
[EventCountry "HUN"]
[SourceTitle "EXT 2006"]
[Source "ChessBase"]
[SourceDate "2005.11.24"]
[SourceVersion "1"]
[SourceVersionDate "2005.11.24"]
[SourceQuality "1"]
[WhiteTeam "Hajduszoboszlo"]
[BlackTeam "Haladas"]
[WhiteTeamCountry "HUN"]
[BlackTeamCountry "HUN"]

1. e4 c5 2. Nf3 a6 3. c4 d6 4. d4 cxd4 5. Nxd4 g6 6. Nc3 Bg7 7. Be3 Bd7 8. Be2 Nf6 9. 0-0 0-0 10. f4 Nc6 11. Nb3 Rb8 12. a4 Na5 13. Nd2 Qc8 14. h3 b6 15. Rc1 e6 16. b4 Nc6 17. Qb3 Ne7 18. Qa3 Ne8 19. Nb3 Qb7 20. Bf3 Qa8 21. c5 bxc5 22. bxc5 d5 23. exd5 Nxd5 24. Nxd5 exd5 25. Rfd1 Nc7 26. Rd2 Qc6 27. Rcd1 Rfe8 28. Nd4 Qf6 29. Ne2 Bc6 30. Qd3 Qe6 31. Bd4 Bxd4+ 32. Nxd4 Qd7 33. Qc3 Re7 34. Kf2 Ne6 35. Re1 Rbe8 36. Nxe6 Rxe6 37. Rxe6 Rxe6 38. Qd4 Re8 39. a5 Rb8 40. Rb2 Rxb2+ 41. Qxb2 Bb5 42. Qe5 d4 43. Bd5 d3 44. Qd6 Qxd6 45. cxd6 Kf8 46. Ke3 Ke8 47. d7+ Kxd7 48. Bxf7 Ke7 49. Bd5 Kd6 50. Be4 Kc5 51. Bxd3 Bxd3 52. Kxd3 Kb5 53. g4 Kc5 54. Ke4 Kd6 55. f5 gxf5+ 56. Kxf5 Ke7 57. Kg5 Kf7 58. Kh6 Kg8 59. h4 1-0

[Event "HUN-chT 9697"]
[Site "Hungary"]
[Date "1997.??.??"]
[Round "9"]
[White "Palko, Gabriella"]
[Black "Meszaros, Tamas"]
[Result "1/2-1/2"]
[WhiteElo "2110"]
[BlackElo "2185"]
[PlyCount "88"]
[EventDate "1996.??.??"]
[EventType "team-tourn"]
[EventRounds "12"]
[EventCountry "HUN"]
[SourceTitle "EXT 2006"]
[Source "ChessBase"]
[SourceDate "2005.11.24"]
[SourceVersion "1"]
[SourceVersionDate "2005.11.24"]
[SourceQuality "1"]
[WhiteTeam "Haladas"]
[BlackTeam "Csuti"]
[WhiteTeamCountry "HUN"]
[BlackTeamCountry "HUN"]

1. d4 Nf6 2. c4 g6 3. Nc3 Bg7 4. e4 d6 5. Be2 0-0 6. Bg5 c5 7. d5 Qa5 8. Bd2 a6 9. Qc2 e6 10. f4 exd5 11. exd5 Re8 12. Nf3 Bf5 13. Qd1 Qb6 14. Na4 Qc7 15. 0-0 b5 16. cxb5 Nxd5 17. Rc1 axb5 18. Bxb5 Bd7 19. Bxd7 Qxd7 20. b3 Nc6 21. Rc4 Nd4 22. Bc1 Qg4 23. Nxd4 Qxd1 24. Rxd1 Bxd4+ 25. Kf1 Re4 26. Re1 Rae8 27. Rxe4 Rxe4 28. g3 f5 29. a3 Ne3+ 30. Bxe3 Rxe3 31. b4 d5 32. Rc1 c4 33. Rd1 Rxa3 34. Rxd4 Rxa4 35. Rxd5 Rxb4 36. Rd8+ Kf7 37. Rd7+ Kg8 38. Rd8+ Kg7 39. Rd7+ Kh6 40. Rc7 Rb1+ 41. Kg2 Rb2+ 42. Kg1 Rc2 43. h3 Rc1+ 44. Kf2 Rc2+ 1/2-1/2

[Event "HUN-chT 9697"]
[Site "Hungary"]
[Date "1996.??.??"]
[Round "2"]
[White "Palko, Gabriella"]
[Black "Kiss, Fernanda"]
[Result "1-0"]
[WhiteElo "2110"]
[BlackElo "2160"]
[PlyCount "109"]
[EventDate "1996.??.??"]
[EventType "team-tourn"]
[EventRounds "12"]
[EventCountry "HUN"]
[SourceTitle "EXT 2006"]
[Source "ChessBase"]
[SourceDate "2005.11.24"]
[SourceVersion "1"]
[SourceVersionDate "2005.11.24"]
[SourceQuality "1"]
[WhiteTeam "Haladas"]
[BlackTeam "Elektromos"]
[WhiteTeamCountry "HUN"]
[BlackTeamCountry "HUN"]

1. d4 Nf6 2. c4 c5 3. d5 b5 4. Qc2 bxc4 5. e4 d6 6. Bxc4 g6 7. Ne2 Bg7 8. Ng3 0-0 9. Bf4 Ba6 10. Nd2 Qb6 11. 0-0 Nbd7 12. Rac1 Rab8 13. b3 Ng4 14. Bxa6 Qxa6 15. Nc4 Rfc8 16. Qd2 Rb4 17. Rc2 Nb6 18. Qe2 Nxc4 19. Rxc4 Nf6 20. Rxc5 Qb7 21. Rxc8+ Qxc8 22. Rc1 Qb7 23. Qc2 h5 24. h4 Nxd5 25. Bd2 Rd4 26. exd5 Qxd5 27. Be3 Rxh4 28. Bxa7 Rg4 29. Qc6 Qd3 30. Qe8+ Kh7 31. Qxf7 d5 32. Re1 Qc3 33. Rxe7 h4 34. Nf1 h3 35. g3 Rg5 36. Rc7 Qb2 37. Qxg7+ Qxg7 38. Rxg7+ Kxg7 39. Ne3 Rh5 40. Kh2 Kf7 41. Bd4 Ke6 42. a4 Rh7 43. a5 Rb7 44. a6 Rxb3 45. a7 Ra3 46. Kxh3 Ra4 47. f4 Kd6 48. Kg4 Kc6 49. Kg5 Kb7 50. f5 Rxd4 51. f6 Rd3 52. f7 Rxe3 53. f8Q Re5+ 54. Kxg6 Re6+ 55. Kf5 1-0

[Event "HUN-chT"]
[Site "Hungary"]
[Date "1995.??.??"]
[Round "?"]
[White "Csizmadia, Laszlo"]
[Black "Palko, Gabriella"]
[Result "0-1"]
[WhiteElo "2185"]
[BlackElo "2035"]
[PlyCount "60"]
[EventDate "1995.??.??"]
[EventType "team-tourn"]
[EventRounds "13"]
[EventCountry "HUN"]
[SourceTitle "EXT 1997"]
[Source "ChessBase"]
[SourceDate "1996.11.15"]
[SourceVersion "1"]
[SourceVersionDate "1996.11.15"]
[SourceQuality "1"]

1. d4 Nf6 2. c4 e6 3. Nc3 Bb4 4. a3 Bxc3+ 5. bxc3 c5 6. f3 d6 7. e4 Nc6 8. Be3 b6 9. Bd3 Qd7 10. Qa4 0-0 11. Be2 Na5 12. Qb5 Qc7 13. d5 Nd7 14. Bf4 Ne5 15. Bxe5 dxe5 16. a4 exd5 17. cxd5 Bd7 18. Qb2 c4 19. Qb4 Rac8 20. Bd1 Nb7 21. Ne2 a5 22. Qa3 Nc5 23. 0-0 f5 24. Bc2 f4 25. Rfd1 Rf6 26. Qa2 Nb7 27. Rab1 Qc5+ 28. Kh1 Qf2 29. Nxf4 Rxf4 30. Rf1 Qc5 0-1

[Event "HUN Egyetemi op"]
[Site "Hungary"]
[Date "1995.??.??"]
[Round "7"]
[White "Dudas, Janos"]
[Black "Palko, Gabriella"]
[Result "1/2-1/2"]
[WhiteElo "2035"]
[BlackElo "2120"]
[PlyCount "107"]
[EventDate "1995.??.??"]
[EventType "swiss"]
[EventRounds "9"]
[EventCountry "HUN"]
[SourceTitle "EXT 2006"]
[Source "ChessBase"]
[SourceDate "2005.11.24"]
[SourceVersion "1"]
[SourceVersionDate "2005.11.24"]
[SourceQuality "1"]

1. d4 d5 2. c4 e6 3. Nf3 Nf6 4. e3 b6 5. cxd5 exd5 6. Bd3 Bd6 7. 0-0 0-0 8. Nbd2 Re8 9. b3 Nbd7 10. a4 Nf8 11. Ba3 Bg4 12. Qc2 c5 13. dxc5 bxc5 14. Bxc5 Rc8 15. b4 Ne6 16. Bf5 Bxf5 17. Qxf5 Bxc5 18. bxc5 Rxc5 19. Nb3 Rc3 20. Nbd4 Qd7 21. Nb5 Rc5 22. Qd3 Rec8 23. Nbd4 Nxd4 24. Qxd4 Rc4 25. Ne5 Rxd4 26. Nxd7 Rd2 27. Nxf6+ gxf6 28. g3 d4 29. exd4 Rxd4 30. Rfd1 Rcc4 31. Rxd4 Rxd4 32. Kg2 a5 33. Kf3 Kg7 34. Ke3 Rb4 35. Kd3 Kg6 36. Ra3 Kg5 37. h3 f5 38. f4+ Kg6 39. Ke3 h5 40. Kf3 Kf6 41. g4 fxg4+ 42. hxg4 hxg4+ 43. Kxg4 Kg6 44. Rc3 f5+ 45. Kg3 Rxa4 46. Rc6+ Kh5 47. Rc3 Rb4 48. Rc5 Rb3+ 49. Kf2 Kg4 50. Rxa5 Kxf4 51. Ra4+ Kg5 52. Ra2 f4 53. Ra5+ Kg4 54. Ra2 1/2-1/2

[Event "Szekszard op "]
[Site "Szekszard"]
[Date "1995.??.??"]
[Round "?"]
[White "Madl, Ildiko"]
[Black "Palko, Gabriella"]
[Result "1-0"]
[WhiteElo "2370"]
[BlackElo "2090"]
[PlyCount "49"]
[EventDate "1995.??.??"]
[EventType "swiss"]
[EventRounds "9"]
[EventCountry "HUN"]
[SourceTitle "EXT 1999"]
[Source "ChessBase"]
[SourceDate "1998.11.16"]
[SourceVersion "1"]
[SourceVersionDate "1998.11.16"]
[SourceQuality "1"]

1. e4 c5 2. Nf3 e6 3. d4 cxd4 4. Nxd4 Nf6 5. Nc3 d6 6. g4 a6 7. g5 Ng8 8. Be3 Ne7 9. Qd2 Nec6 10. 0-0-0 Nxd4 11. Bxd4 Nc6 12. Be3 b5 13. f4 Qa5 14. Kb1 b4 15. Ne2 Bb7 16. Ng3 Be7 17. Nh5 0-0 18. Rg1 Rac8 19. Bd3 d5 20. exd5 Qxd5 21. Qf2 Qa5 22. Bb6 Qa4 23. Nf6+ Bxf6 24. Bxh7+ Kh8 25. Qh4 1-0

[Event "HUN-chT2 9394"]
[Site "Hungary"]
[Date "1994.??.??"]
[Round "?"]
[White "Sarkany, Petra"]
[Black "Palko, Gabriella"]
[Result "0-1"]
[WhiteElo "2020"]
[BlackElo "2055"]
[PlyCount "106"]
[EventDate "1993.??.??"]
[EventType "team-tourn"]
[EventRounds "13"]
[EventCountry "HUN"]
[SourceTitle "TD"]
[Source "ChessBase"]
[SourceDate "1994.03.01"]
[SourceVersion "1"]
[SourceVersionDate "1994.03.01"]
[SourceQuality "1"]

1. d4 Nf6 2. Nf3 e6 3. Nbd2 d5 4. e3 Be7 5. Bd3 0-0 6. 0-0 b6 7. e4 dxe4 8. Nxe4 Bb7 9. Qe2 Nbd7 10. Bf4 Nd5 11. Bg3 Nb4 12. Bc4 Nf6 13. Nxf6+ Bxf6 14. c3 Nd5 15. Qe4 Rb8 16. Bd3 g6 17. Qg4 Ne7 18. Qf4 Nd5 19. Qg4 Ne7 20. Qf4 Nd5 21. Qg4 Rc8 22. Rad1 Ne7 23. Rfe1 Nf5 24. Be5 Bxf3 25. Qxf3 Bxe5 26. Rxe5 Ne7 27. h4 Nd5 28. Qg3 Qf6 29. Be4 Nf4 30. Bf3 c5 31. Re4 Nd5 32. dxc5 Rxc5 33. h5 Ne7 34. hxg6 hxg6 35. Qh4 Qxh4 36. Rxh4 Nf5 37. Ra4 Rc7 38. Bg4 Re8 39. Kf1 Nh6 40. Bf3 Kg7 41. Rd3 e5 42. g4 f6 43. Rd6 Nf7 44. Rc6 Rd7 45. Ke2 Red8 46. Rb4 Ng5 47. Bh1 Rd2+ 48. Kf1 Nh3 49. Rc7+ Kh6 50. Rxa7 Rxf2+ 51. Ke1 Rdd2 52. Bf3 Nf4 53. Be4 Rfe2+ 0-1

[Event "HUN-chT2 9293"]
[Site "Hungary"]
[Date "1993.??.??"]
[Round "?"]
[White "Palko, Gabriella"]
[Black "Horvath, Andras"]
[Result "1-0"]
[WhiteElo "2055"]
[BlackElo "2300"]
[PlyCount "119"]
[EventDate "1992.??.??"]
[EventType "team-tourn"]
[EventRounds "12"]
[EventCountry "HUN"]
[SourceTitle "TD"]
[Source "ChessBase"]
[SourceDate "1994.03.01"]
[SourceVersion "1"]
[SourceVersionDate "1994.03.01"]
[SourceQuality "1"]

1. d4 g6 2. c4 Bg7 3. Bf4 Nf6 4. Nc3 d6 5. e3 0-0 6. h3 Nbd7 7. Nf3 c5 8. d5 Qa5 9. Qd2 Nb6 10. Be2 Na4 11. Nxa4 Qxa4 12. Bd3 Bf5 13. 0-0 Ne4 14. Qe2 b5 15. cxb5 Bd7 16. Rac1 Nf6 17. b3 Qa5 18. e4 Rab8 19. a4 Qd8 20. Bc4 Nh5 21. Bd2 e5 22. dxe6 fxe6 23. e5 d5 24. Bd3 Rc8 25. Bg5 Qe8 26. Qe3 d4 27. Qe4 Qf7 28. Nh2 h6 29. Bd2 Qf5 30. Qxf5 gxf5 31. f4 Ng3 32. Rfe1 Rfd8 33. Nf1 Nxf1 34. Kxf1 h5 35. Ba5 Re8 36. Be2 Bh6 37. Bxh5 Bxf4 38. Bxe8 Bxe8 39. Rc4 Bh5 40. Bb4 d3 41. Rxf4 cxb4 42. g4 fxg4 43. hxg4 Bg6 44. Kf2 Rc5 45. Rxb4 Rd5 46. Rc4 Kg7 47. Kf3 Kh6 48. Kf4 Rd7 49. Rd1 Rd5 50. Rd2 Kg7 51. Rc7+ Kg8 52. Rxa7 Rd4+ 53. Kf3 Rb4 54. Rd7 Rxb3 55. Ke3 Rb4 56. Rd4 Rb1 57. R2xd3 Bxd3 58. Kxd3 Rd1+ 59. Kc4 Re1 60. b6 1-0